000 00929nam a2200253Ia 4500
003 OSt
005 20221005112151.0
006 a|||||r|||| 00| 0
007 ta
008 221004b |||||||| |||| 00| 0 pan d
020 _a9789387711303 (hbk)
_cINR 200.00
024 _a66960
037 _b1168, 30/12/2019, H.K. Prakashan
_cTextual
040 _aCRL
_cCRL
_bpan
041 _2pan
_apan
082 _aY:1.243, 153Q9
100 _aਗਿੱਲ, ਰੁਪਿੰਦਰ ਕੌਰ, ਂਚ.
245 0 _aਲੋਕ ਸਾਹਿਤ
_b ਵਿਹਾਰਕ ਅਧਿਐਨ
260 _aਅੰਮ੍ਰਿਤਸਰ
_bਕੇ. ਜੀ. ਗ੍ਰਾਫਿਕਸ ਭਾਰਤ
_c2019
300 _a144ਪ੍ਰ0
_ccm.
650 _aਸਭਿਆਚਾਰ
942 _hY:1.243, 153Q9
_cTEXL
_2cc
999 _c1024039
_d1024039